000 00311nam a2200121Ia 4500
008 190216s9999||||xx |||||||||||||| ||und||
100 _aMehta J K
245 0 _aEconomic Development Principles And Problems
260 _bChaithanya Pub.House Allahabad
_c1971
300 _a233p
650 _aCommerce
942 _cBK
999 _c4216
_d4216